श्री चन्द्रावली / (Record no. 119165)
[ view plain ]
| 000 -LEADER | |
|---|---|
| fixed length control field | 00925nam a22002297a 4500 |
| 005 - DATE AND TIME OF LATEST TRANSACTION | |
| control field | 20170124103128.0 |
| 010 ## - LIBRARY OF CONGRESS CONTROL NUMBER | |
| LC control number | 412974 |
| 020 ## - INTERNATIONAL STANDARD BOOK NUMBER | |
| Terms of availability | 00.00 |
| 035 ## - SYSTEM CONTROL NUMBER | |
| System control number | 412974 |
| 037 ## - SOURCE OF ACQUISITION | |
| Source of stock number/acquisition | Cen Lib/Ret |
| 040 ## - CATALOGING SOURCE | |
| Original cataloging agency | DPL |
| Language of cataloging | HN |
| 082 ## - DEWEY DECIMAL CLASSIFICATION NUMBER | |
| Classification number | 822 |
| Item number | भारते |
| 100 ## - MAIN ENTRY--PERSONAL NAME | |
| Personal name | भारतेंदु हरिश्चंद्र |
| 9 (RLIN) | 43912 |
| 245 ## - TITLE STATEMENT | |
| Title | श्री चन्द्रावली / |
| Statement of responsibility, etc | भारतेंदु हरिश्चंद्र |
| 246 ## - VARYING FORM OF TITLE | |
| Title proper/short title | Shree chandravali |
| Remainder of title | by Bhaartendun Harishchndra |
| 300 ## - PHYSICAL DESCRIPTION | |
| Extent | 135पृष्ठ. |
| Dimensions | 18सेमी(सजिल्द) |
| 650 ## - SUBJECT ADDED ENTRY--TOPICAL TERM | |
| Topical term or geographic name as entry element | हिंदी साहित्य |
| 9 (RLIN) | 83646 |
| 650 ## - SUBJECT ADDED ENTRY--TOPICAL TERM | |
| Topical term or geographic name as entry element | भारतेंदु हरिश्चंद्र की नाट्य कला |
| 9 (RLIN) | 83647 |
| 650 ## - SUBJECT ADDED ENTRY--TOPICAL TERM | |
| Topical term or geographic name as entry element | hindi Literature |
| 9 (RLIN) | 83648 |
| 650 ## - SUBJECT ADDED ENTRY--TOPICAL TERM | |
| Topical term or geographic name as entry element | Bhartendu Harishchandra 's theater |
| 9 (RLIN) | 83649 |
| 942 ## - ADDED ENTRY ELEMENTS (KOHA) | |
| Source of classification or shelving scheme | Dewey Decimal Classification |
| Koha item type | Hindi Books |
| Classification part | 822 |
| Call number suffix | भारते |
| Withdrawn status | Lost status | Damaged status | Not for loan | Home library | Current library | Date acquired | Source of acquisition | Cost, normal purchase price | Total Checkouts | Full call number | Barcode | Date last seen | Copy number | Cost, replacement price | Price effective from | Koha item type |
|---|---|---|---|---|---|---|---|---|---|---|---|---|---|---|---|---|
| Central Library | Central Library | 15/09/2015 | Cen Lib/Ret | 0.00 | 822 भारते | 412974 | 15/09/2015 | 1 | 0.00 | 15/09/2015 | Hindi Books |
